00265nam a22000857a 4500008004100000082002100041245005000062260005900112300000800171230621b xxu||||| |||| 00| 0 eng d a327.73bWEL 1990 aAmerican Foreign Policy Current Documens 1990 aUSAbDepartment of State Publications Washingtonc1990 a57p